logo

DERECHO A LA PROPIA IMAGEN EL (BAJA REVISION 2014) (Record no. 74885)

MARC details
000 -CABECERA
campo de control de longitud fija 00529nam a2200181Ia 4500
001 - NÚMERO DE CONTROL
campo de control 29799
005 - FECHA Y HORA DE LA ÚLTIMA TRANSACCIÓN
campo de control 20260414093249.0
008 - CÓDIGOS DE INFORMACIÓN DE LONGITUD FIJA
campo de control de longitud fija 260115s9999 xx 000 0 und d
035 ## - NÚMERO DE CONTROL DEL SISTEMA
Número de control de sistema 19895
090 ## - LOCALMENTE ASIGNADO TIPO-LC NÚMERO DE CLASIFICACIÓN (OCLC); NÚMERO DE CLASIFICACIÓN LOCAL (RLIN)
Número de clasificación (OCLC) (R) ; Numero de clasificación CALL (RLIN) (NR) 347.1
100 ## - PUNTO DE ACCESO PRINCIPAL - NOMBRE DE PERSONA
Nombre de persona LOPEZ-MINGO TOLMO JESUS ATAULFO
245 #0 - MENCIÓN DE TÍTULO
Título DERECHO A LA PROPIA IMAGEN EL (BAJA REVISION 2014)
260 ## - PUBLICACIÓN, DISTRIBUCIÓN, ETC. (PIE DE IMPRENTA)
Nombre del editor distribuidor etc. VISION NET
Fecha de publicación distribución etc. 2005
630 ## - PUNTO DE ACCESO ADICIONAL DE MATERIA--TÍTULO UNIFORME
Título uniforme DERECHO
650 ## - PUNTO DE ACCESO ADICIONAL DE MATERIA--TÉRMINO DE MATERIA
Término de materia o nombre geográfico como elemento inicial DERECHO DE LAS PERSONAS
942 ## - ELEMENTOS DE PUNTO DE ACCESO ADICIONAL (KOHA)
Tipo de ítem Koha Monografías
901 ## - ELEMENTOS DE DATOS A LOCAL LDA (RLIN)
a FH
b FH
y BK
p SEH_29799
i 26663
j 347.1
c DERECHO
t 1
z 236 PAGS, DONACIÓN DEL AUTOR,
x 1
Holdings
Estado de retiro Estado de pérdida Estado dañado No para préstamo Localización permanente Ubicación/localización actual Ubicación en estantería Fecha de adquisición Número de inventario Número de control en estantería Número de registro Total de préstamos Código de barras Fecha visto por última vez Número de copia Precio válido a partir de Tipo de ítem Koha Nota pública
        Servicio de Estudios Históricos Servicio de Estudios Históricos   14/04/2026 26663 127 26663   SEH_29799 14/04/2026 1 14/04/2026 Monografías 236 PAGS, DONACIÓN DEL AUTOR,